000 00283nam a22001337a 4500
008 171019b xxu||||| |||| 00| 0 eng d
020 _a0395607884
041 _aeng
080 _25 ED
_a338
100 _a53
101 _aMEN
245 _aMANAGEMENT
_cKREITER..R
942 _2udc
_cBK
999 _c34934
_d34934